|
|
|
|
| LEADER |
01191nam a22002297a 4500 |
| 001 |
AAL4884 |
| 003 |
BD-DhAAL |
| 005 |
20160612113547.0 |
| 008 |
160612m20001998bg a|||| |||| 00| 0 ben d |
| 040 |
|
|
|a BD-DhAAL
|c BD-DhAAL
|
| 082 |
|
|
|a 340/.6/08
|
| 100 |
|
|
|a ধর, নির্মলেন্দু
|9 19687
|
| 245 |
|
|
|a মেডিকেল জুরিসপ্রুডেন্স :
|b পুলিশ হ্যান্ডবুক /
|c নির্মলেন্দু ধর, ডাঃ মোঃ সিরাজুল ইসলাম মোল্লা
|
| 260 |
|
|
|a ঢাকা :
|b সাহারা আর্ট প্রেস এন্ড পাবলিকেশন্স,
|c ২০০০
|
| 300 |
|
|
|a ২২৫ পৃ. :
|b চিত্র ;
|c ২২ সে.মি.
|
| 541 |
|
|
|e 4884
|
| 650 |
|
|
|a Medical jurisprudence
|9 19688
|
| 700 |
|
|
|a মোল্লা, মোঃ সিরাজুল ইসলাম
|9 19689
|
| 852 |
|
|
|a Savar Campus Library
|c General Shelf
|
| 942 |
|
|
|2 ddc
|c BK
|
| 999 |
|
|
|c 37611
|d 37611
|
| 952 |
|
|
|0 0
|1 0
|2 ddc
|4 0
|6 340_000000000000000__6_08_DOR
|7 0
|9 59139
|a SCL
|b SCL
|c GEN
|d 2016-06-12
|g 200.00
|l 2
|m 3
|o 340.608 DOR
|p 3020004884
|r 2023-12-06
|s 2023-11-14
|t 1
|w 2016-06-12
|y BK
|